Sử dụng các công cụ tài chính để huy động vốn cho chiến lược phát triển kinh tế xã hội của Việt Nam đến năm 2020
Đã lưu trong:
| Hovedforfatter: | |
|---|---|
| Format: | Bog |
| Sprog: | Undetermined |
| Udgivet: |
Tp. HCM
Thống Kê
2000
|
| Fag: | |
| Tags: |
Tilføj Tag
Ingen Tags, Vær først til at tagge denne postø!
|
| Thư viện lưu trữ: | Trung tâm Học liệu Trường Đại học Cần Thơ |
|---|
| LEADER | 00681nam a2200193Ia 4500 | ||
|---|---|---|---|
| 001 | CTU_51000 | ||
| 008 | 210402s9999 xx 000 0 und d | ||
| 020 | |b 32000 | ||
| 082 | |a 330.9597 | ||
| 082 | |b N116 | ||
| 100 | |a Phạm Văn Năng | ||
| 245 | 0 | |a Sử dụng các công cụ tài chính để huy động vốn cho chiến lược phát triển kinh tế xã hội của Việt Nam đến năm 2020 | |
| 245 | 0 | |c Phạm Văn Năng | |
| 260 | |a Tp. HCM | ||
| 260 | |b Thống Kê | ||
| 260 | |c 2000 | ||
| 650 | |a vietnam | ||
| 650 | |x developing countries,socioeconomic aspects | ||
| 980 | |a Trung tâm Học liệu Trường Đại học Cần Thơ | ||